famous landmarks - Statistics

General Stats
  • This quiz has been taken 26 times
  • The average score is 11 of 16
Answer Stats
Picture Answer % Correct
Colosseum
100%
eiffel tower
100%
golden gate bridge
100%
great wall of china
100%
statue of liberty
100%
stonehenge
100%
taj mahal
100%
sydney opera house
95%
burj khalifa
86%
the shard
57%
burj al arab
48%
the gherkin
38%
pyramids of giza
33%
shanghai tower
24%
sky tower
14%
the beehive
14%
No matching quizzes found
Score Distribution
Percent of People with Each Score
Percentile by Number Answered
Your Score History
You have not taken this quiz